| 000 | 00889nac a22002291u 4500 | ||
|---|---|---|---|
| 010 | _a 97039663 | ||
| 020 | _a0134420888 (alk. paper) | ||
| 082 | 0 | 0 |
_a621.388/87 _bB9777 |
| 090 |
_c86 _d86 |
||
| 100 | _aBuscombe, Charles G. | ||
| 245 | 1 | 0 |
_aTelevision and video systems : _boperation, maintenance, troubleshooting, and repair / _cCharles G. Buscombe. |
| 246 | 1 | 4 | _aTelevision & video systems |
| 250 | _a2nd ed. | ||
| 260 |
_aUpper Saddle River, N.J. : _bPrentice Hall, _cc1999. |
||
| 300 |
_axi, 451 p. : _bill. ; _c29 cm. |
||
| 500 | _aIncludes one folded schematic diagram. | ||
| 500 | _aIncludes index. | ||
| 650 | 0 |
_aTelevision _xRepairing. |
|
| 650 | 0 |
_aHome video systems _xMaintenance and repair. |
|
| 942 |
_cBB _k621.388B9777 |
||
| 999 |
_c86 _d86 |
||